A text book of energy technology : (Record no. 134841)

MARC details
000 -LEADER
fixed length control field 00762nam a22002297a 4500
005 - DATE AND TIME OF LATEST TRANSACTION
control field 20170124110236.0
010 ## - LIBRARY OF CONGRESS CONTROL NUMBER
LC control number A-991594
020 ## - INTERNATIONAL STANDARD BOOK NUMBER
Terms of availability 00.00
International Standard Book Number 8176481017
035 ## - SYSTEM CONTROL NUMBER
System control number A-991594
037 ## - SOURCE OF ACQUISITION
Source of stock number/acquisition Cen Lib/Ret
040 ## - CATALOGING SOURCE
Original cataloging agency DPL
Language of cataloging EN
082 ## - DEWEY DECIMAL CLASSIFICATION NUMBER
Classification number 333.794
Item number MAZ
100 ## - MAIN ENTRY--PERSONAL NAME
Personal name Mazumdar, B.
9 (RLIN) 41929
245 ## - TITLE STATEMENT
Title A text book of energy technology :
Statement of responsibility, etc by B. Mazumadar
Remainder of title both conetional and renewable source of energy /
260 ## - PUBLICATION, DISTRIBUTION, ETC. (IMPRINT)
Place of publication, distribution, etc New Delhi
Name of publisher, distributor, etc A.P.H. publishing corporation
Date of publication, distribution, etc 1999
270 ## - ADDRESS
City New Delhi
Address 5, Ansari road, Daryaganj
Postal code 110002
300 ## - PHYSICAL DESCRIPTION
Extent 208p.
Dimensions 23cm(Hb)
500 ## - GENERAL NOTE
General note Includes bibliographical references and index
650 ## - SUBJECT ADDED ENTRY--TOPICAL TERM
Topical term or geographic name as entry element Energy technology
9 (RLIN) 41930
650 ## - SUBJECT ADDED ENTRY--TOPICAL TERM
Topical term or geographic name as entry element Renewal energy
9 (RLIN) 41931
942 ## - ADDED ENTRY ELEMENTS (KOHA)
Source of classification or shelving scheme Dewey Decimal Classification
Koha item type English Books
Classification part 333.794
Call number suffix MAZ
Holdings
Withdrawn status Lost status Damaged status Not for loan Collection code Home library Current library Date acquired Source of acquisition Cost, normal purchase price Total Checkouts Full call number Barcode Date last seen Copy number Cost, replacement price Price effective from Koha item type
      Not For Loan Reference Central Library Central Library 31/07/2015 Cen Lib/Ret 0.00   333.794 MAZ A-991594 31/07/2015 1 0.00 31/07/2015 English Books

© Delhi Public Library
Hit Counter
free hit counter